ՀՀ Գիտությունների ազգային ակադեմիայի հիմնարար գիտական գրադարան  =   Fundamental Scientific Library of NAS RA

Когда разливаются реки / (Record no. 269745)

MARC details
000 -LEADER
fixed length control field 00589nam a2200193 a 4500
001 - CONTROL NUMBER
control field 000729551
003 - CONTROL NUMBER IDENTIFIER
control field AM-YeHGA
005 - DATE AND TIME OF LATEST TRANSACTION
control field 20250618073744.0
008 - FIXED-LENGTH DATA ELEMENTS--GENERAL INFORMATION
fixed length control field 100419s1960 ||| r 000 0 aze d
040 ## - CATALOGING SOURCE
Original cataloging agency AM-YeHGA
041 0# - LANGUAGE CODE
Language code of text/sound track or separate title aze
090 ## - LOCALLY ASSIGNED LC-TYPE CALL NUMBER (OCLC); LOCAL CALL NUMBER (RLIN)
-- 271382
100 1# - MAIN ENTRY--PERSONAL NAME
Personal name Թևեքելյան, Վարդգես Հարությունի,
Dates associated with a name 1902-1969
9 (RLIN) 3537
245 10 - TITLE STATEMENT
Title Когда разливаются реки /
Statement of responsibility, etc. В. Тевекелян.
260 ## - PUBLICATION, DISTRIBUTION, ETC.
Place of publication, distribution, etc. Баку :
Name of publisher, distributor, etc. Азернешр,
Date of publication, distribution, etc. 1960.
300 ## - PHYSICAL DESCRIPTION
Extent 410 с.
546 ## - LANGUAGE NOTE
Language note Азерб.
653 0# - INDEX TERM--UNCONTROLLED
Uncontrolled term Армянская литература
Holdings
Withdrawn status Lost status Damaged status Not for loan Collection Home library Current library Date acquired Total checkouts Full call number Barcode Date last seen Price effective from Koha item type Public note
        General Fundamental Scientific Library Fundamental Scientific Library 29/12/2016   PII/541800 FL0155581 29/12/2016 29/12/2016 Գրքեր / Books 30 Days Loan


ՀՀ ԳԱԱ հիմնարար գիտական գրադարան
ՀՀ,Երևան 0019
Մարշալ Բաղրամյան 24/6
հեռախոս:(374-10) 52-47-50
Հետադարձ կապ

All site content, except where otherwise noted, is licensed under a
Creative Commons License